Catalog

Record Details

Catalog Search



Překročit svůj stín : kluby abstinující a jiné svépomocné skupiny v péči o zdraví Cover Image Book Book

Překročit svůj stín : kluby abstinující a jiné svépomocné skupiny v péči o zdraví Martin Bútora ; Překlad Lubor Pok

Bútora, Martin (Author). Pok, Lubor (Added Author).

Record details

  • ISBN: 80-201-0086-5
  • Physical Description: 234 s.
  • Edition: 1. vyd.
  • Publisher: Praha Avicenum 1990

Available copies

  • 1 of 1 copy available at Common Catalog SPOK.

Holds

  • 0 current holds with 1 total copy.
Show Only Available Copies
Location Call Number / Copy Notes Barcode Shelving Location Status Due Date
ETS Library 616.89152 424470002769 Volný výběr Available -

LDR 00829nam a2 00265
00141944
003CZ-PrJAB
00520030506000000.0
008010808s1990 xr e |||| |cze
009cz
020 . ‡a80-201-0086-5
035 . ‡a(CONS)7520
035 . ‡aKPS9275
040 . ‡aABG450
041 . ‡acze
08214. ‡a616.89152
100 . ‡74155 ‡aBútora, Martin
245 . ‡aPřekročit svůj stín : ‡bkluby abstinující a jiné svépomocné skupiny v péči o zdraví ‡cMartin Bútora ; Překlad Lubor Pok
250 . ‡a1. vyd.
260 . ‡aPraha ‡bAvicenum ‡c1990
300 . ‡a234 s.
653 . ‡aPřekročit svůj stín ‡akluby abstinující a jiné svépomocné skupiny v péči o zdraví
700 . ‡74156 ‡aPok, Lubor
8524 . ‡bETS ‡bETS ‡cVolný výběr ‡j616.89152 ‡gA ‡p424470002769
910 . ‡aABG450
999 . ‡a7520 ‡bAUTOGEN ‡c7520 ‡tbiblio
905 . ‡uadmin
901 . ‡a41944 ‡b ‡c41944 ‡tbiblio ‡sets

Additional Resources